Beyond the fragments : (Record no. 113)
[ view plain ]
| 000 -LEADER | |
|---|---|
| fixed length control field | 00806nam a2200241 a 4500 |
| 001 - CONTROL NUMBER | |
| control field | 3262464 |
| 005 - DATE AND TIME OF LATEST TRANSACTION | |
| control field | 20231201011157.0 |
| 008 - FIXED-LENGTH DATA ELEMENTS--GENERAL INFORMATION | |
| fixed length control field | 820519s1981 mau b 000 0 eng |
| 020 ## - INTERNATIONAL STANDARD BOOK NUMBER | |
| ISBN | 0932870112 (pbk.) : |
| 020 ## - INTERNATIONAL STANDARD BOOK NUMBER | |
| ISBN | 0850362547. |
| 040 ## - CATALOGING SOURCE (பட்டியலாக்க மூலம்) | |
| Original cataloging agency | DLC |
| Transcribing agency | DLC |
| Modifying agency | DLC |
| 082 00 - DDC Classification | |
| Class No. | 305.4/2/0941 |
| DDC Edition Number | 19 |
| Item Number - Author Mark | SHE. |
| 100 1# - MAIN ENTRY--PERSONAL NAME | |
| Personal name | Rowbotham, Sheila. |
| 245 10 - TITLE STATEMENT | |
| Title | Beyond the fragments : |
| Remainder of title | feminism and the making of socialism / |
| Statement of responsibility, etc. | by Sheila Rowbotham, Lynne Segal, and Hilary Wainwright ; introduction to the U.S. edition by Rosalyn Boxandall. |
| 260 ## - PUBLICATION, DISTRIBUTION, ETC. | |
| Place of publication, distribution, etc. | Boston, Mass. : |
| Name of publisher, distributor, etc. | Alyson Publications, |
| Date of publication, distribution, etc. | 1981. |
| 300 ## - PHYSICAL DESCRIPTION | |
| Extent (e.g. Volumes, Pages etc.) | 253 p. ; |
| 650 #0 - SUBJECT ADDED ENTRY--TOPICAL TERM | |
| Topical term or geographic name entry element | Feminism |
| 650 #0 - SUBJECT ADDED ENTRY--TOPICAL TERM | |
| Topical term or geographic name entry element | Women and socialism |
| 650 #0 - SUBJECT ADDED ENTRY--TOPICAL TERM | |
| Topical term or geographic name entry element | Right and left (Political science) |
| 700 1# - ADDED ENTRY--PERSONAL NAME | |
| Personal name | Segal, Lynne. |
| Relator term (Role) | Editor |
| 700 1# - ADDED ENTRY--PERSONAL NAME | |
| Personal name | Wainwright, Hilary. |
| Relator term (Role) | Editor |
| 942 ## - Koha item type (Biblio) | |
| Koha item type | Books in Stacks (Lending) |
| Lost status | Damaged status | Collection code | Home library | Current library | Date acquired | Full call number | Accession Number | Item type |
|---|---|---|---|---|---|---|---|---|
| Lending | WERC Library | WERC Library | 12/01/2023 | 305.4/2/0941 SHE. | 302 | Books in Stacks (Lending) |
